Quizzes
Events
Quiz Creation
Community
Videos
Private Events
Remove Ads
Sign In
Join for FREE
Feedback
Dark Mode
Quiz Categories
Sports
Geography
Music
Movies
Television
Just For Fun
Miscellaneous
History
Literature
Language
Science
Gaming
Entertainment
Religion
Holiday
For Kids
Quiz Lab
Recent
Popular Today
Quiz Kudos Today
Editor Picks
Curator Picks
Quizzes by...
Day
Popularity
Type
Ratings
Length
Year
Community
Subscriptions
Recent Discussions
Orange Saloon
Badges
Playlists
Quests
Create
Leaderboards
Showdown
Live 5
Trivia Bingo
Activity
Puzzle Library
Sporcle Events
Private Events
Virtual Trivia
Globe League
Become a Host
Pub Owners
SporcleCon
Opinionation
Our Games
Videos
Blog
Mobile Apps
Partnerships
Remove Ads and Go Orange
Feedback
Literature
Harry Potter
A Song of Ice and Fire
The Hunger Games
Literary Character
Shakespeare
Book
Author
Novel
Poem
Young Adult
Children's Books
Play
Lord of the Rings
Literature
Harry Potter
A Song of Ice and Fire
The Hunger Games
Literary Character
Shakespeare
Book
Author
Novel
Poem
Young Adult
Children's Books
Play
Lord of the Rings
Random Quiz
Search Sporcle
×
Quiz Lab
Quiz Lab
Literature
Play
Type in answers that appear in a list
Type in answers that appear in a list
Classic
Best Score? Go Orange.
Plays by Protagonist Stats
Can you name the Plays by Protagonist?
By
blackmagic5569
10m
40 Questions
147 Plays
147 Plays
147 Plays
Comments
Comments
Give Quiz Kudos
Give Quiz Kudos
-
- Ratings
hide this ad
Random Order
Randomize order of answers
Randomize order of answers
Replay
Link that replays current quiz
Next Quiz
Link to next quiz in quiz playlist
You Got
0%
They Got
Avg Score
38%
Avg Friend Score
Upgrade to see
Score Distribution
Jump to the score distribution portion of the page
Score
0/40
Timer
10:00
0
Plays Today
Protagonist
Play
% Correct
Hamlet, Prince of Denmark
Hamlet
96.6%
Macbeth
Macbeth
95.2%
Lear, King of Britain
King Lear
89.8%
Peter Pan
Peter Pan
89.8%
Oedipus
Oedipus Rex
73.5%
Antigone or Creon
Antigone
68%
Marc Antony
Antony and Cleopatra
68%
Willy Loman
Death of a Salesman
63.9%
Blanche DuBois
A Streetcar Named Desire
61.9%
John Proctor
The Crucible
60.5%
Prospero
The Tempest
57.8%
Medea
Medea
56.5%
Anne Sullivan /
Helen Keller
The Miracle Worker
53.1%
Viola
Twelfth Night
50.3%
Vladimir and Estragon
Waiting for Godot
46.3%
Hedda Gabler
Hedda Gabler
46.3%
Randle Patrick (R.P.) McMurphy
One Flew Over the Cuckoo's Nest
38.8%
Nora Helmer
A Doll's House
38.1%
Kattrin, Mother Courage, Swiss Cheese
Mother Courage and Her Children
33.3%
Tom Wingfield
The Glass Menagerie
30.6%
Protagonist
Play
% Correct
Walter Lee Younger
A Raisin in the Sun
24.5%
Emily Webb
Our Town
24.5%
Lyobov Ranevsky
The Cherry Orchard
23.1%
Volpone
Volpone
23.1%
Sir Thomas More
A Man for All Seasons
23.1%
Jack Worthing
The Importance of Being Earnest
21.8%
Father Flynn
Doubt
20.4%
Elmire/
Cléante/
Dorine/
Mariane/
Valére
Tartuffe
18.4%
Dr. Faustus
Doctor Faustus
15.6%
Joan
Saint Joan
15%
Louis, Joe, Prior, Harper
Angels in America
15%
Thomas Becket
Murder in the Cathedral
15%
Dionysus
The Bacchae
14.3%
Troy Maxson
Fences
11.6%
Alceste
The Misanthrope
8.8%
Regina Giddens
The Little Foxes
8.2%
Larry Slade
The Iceman Cometh
8.2%
Charles Surface
The School for Scandal
6.8%
Kate Hardcastle
She Stoops to Conquer
4.1%
Mirabell
The Way of the World
3.4%
Quiz Playlist
Details
Report
Send in Message
Add To Playlist
Classic:
Type in answers that appear in a list
Random Order:
Randomize order of answers
Last Updated: Feb 16, 2017
Quiz Scoreboard
CHALLENGE
Sign Up to Join the Scoreboard
Show All
Scores
Hide
Comments
May contain spoilers
Recently Published
College Basketball Coaching Resumes
by pancakes188
Sports
9m
Billboard Blitz: Fleetwood Mac
by CooCooCachoo
Music
15s
Presidents Visiting Landmarks
by Hejman
History
7m
More to Explore
Quiz From the Vault
Featured Blog Post
Where Did the Easter Bunny Come From?
hide this ad
You Might Also Like...
Tags
Play Quiz
protagonist
Today's Top Quizzes in Literature
Browse Literature
hide this ad
Today's Top Quizzes in Play
Browse Play
Top Contributed Quizzes in Literature
1
Sneaky Slytherin Logic Puzzle
2
Get The Picture: Black or White Literature
3
5-to-1: Plays
4
A Court of Thorns and Roses (ACoTaR) Logic Puzzle
5
One Thing in Common: Literature
6
One Thing in Common: Literature 3
7
One Thing in Common: Literature II
8
One Thing in Common: Books
9
Literary Siblings Odd One Out III
10
Harry Potter Neighbourly Logic Puzzle #1
Explore More
Trending Topics
Harry Potter
Crossword
Kpop
NBA
Disney
Anime
Marvel
Country
Puzzle
Song
NFL
The Office
WWE
Soccer
Pokémon
hide this ad
More By:
blackmagic5569
Quiz
Plays
Rating
Category
Featured
Created
Plays by Protagonist
147
3.00
Literature
Feb 22, 2010
Go to Creator's Profile
Score Distribution
Quiz Creator Spotlight
blackmagic5569
Follow
Send a Message
Quizzes Created
-
Created Quiz Play Count
-
More By This Creator
Popular Quizzes Today
1
Find the US States - No Outlines Minefield
2
Find the Countries of Europe - No Outlines Minefield
3
The Countries of the World
4
Find the US States
5
Risky Map Clicking: Biggest States A-Z
6
US States
7
Popular People in 1961
8
Movies - When Are They Set?
More Literature Quizzes
Ten Missing Adjectives: Sonnet 18
Editor's Pick
Trending Quizzes
Risky Map Clicking: Least Populous States A-Z
1-10 Letter G Words
1-10 Letter F Words
Risky Map Clicking: Next State Alphabetically
Adjectives in 80s TV Shows
Recently Updated
Leaping Animals
pecheneg
Reality TV Shows (A-Z)
bhenderson79
Rickey Henderson's Hall of Fame Teammates
pecheneg
Champions League XIs: Arsenal
pecheneg
Quick Pick: Celebrities in WWE's Hall of Fame
aduchscher
A-Z Keypad Blitz II
pecheneg
Multiple Oscar Actors
pecheneg
Mystery Phrase Blitz: Oscar 'Best Actors'
pecheneg
F. Scott Fitzgerald Novels
LTH
Pick 3 Villains
ddd62291
Trending Topics
Crossword
Harry Potter
Marvel
Disney
Kpop
Anime
NBA
Soccer
Pokémon
WWE
Song
The Office
Puzzle
NFL
Country
Your Account Isn't Verified!
In order to create a playlist on Sporcle, you need to verify the email address you used during registration. Go to your
Sporcle Settings
to finish the process.
Report this User
Report this user for behavior that violates our
Community Guidelines
.
Details:
Send Report
Go to the Sporcle.com Mobile Site →
Comments